000 00518nam a2200181Ia 4500
005 20250609154030.0
008 008 250516s9999 xx 000 0 eng d
020 _a9780195304275
040 _beng
_cSDCL
041 _aeng
_2eng
084 _aW:2 P6
100 _aPosner, Richard A.
245 0 _aNot a suicide pact :
_bThe constitution in a time of national emergency
260 _aNew Delhi :
_bOxford University Press,
_c2006.
300 _axi, 171p.
650 _aPolitical Science
942 _cTEXL
_2CC
999 _c1430241
_d1430241